| 000 | 00899ntm a2200217 i 4500 | ||
|---|---|---|---|
| 001 | 150879 | ||
| 003 | ES-MaACL | ||
| 005 | 20250925162502.0 | ||
| 007 | t| | ||
| 008 | 071116s1932 sp f |||| | spa d | ||
| 100 | 1 |
_aCabré, María de la Encarnación. _933261 |
|
| 245 | 1 | 0 |
_aEn torno a un cuadro de historia _b: (desembarco de Fernando VII en el Puerto de Santa María en 1823, obra del pintor de cámara D. José Aparicio) / _ctema de investigación presentado por la alumna Mª de la Encarnación Cabré. |
| 260 |
_a[S.l. : _bMª Encarnación Cabré], _c1932. |
||
| 300 |
_a2 h., III, 1 h., 45 p., 7 h. de lám. ; _c20 x 28 cm. |
||
| 500 | _aEjemplar mecanografiado. | ||
| 500 | _aPrecede al tít.: Historia universal contemporánea. | ||
| 600 | 1 | 7 |
_aAparicio, José, _d1770-1838 _2 _9166392 |
| 852 |
_aES-MaACL _jArmario 18 _dOlim: 1890-F-9 |
||
| 942 | _2udc | ||
| 999 |
_c150879 _d150879 |
||